000 00444pam a2200169 a 4500
020 _a0534009948
040 _cDLC
082 0 0 _a304 WAD 1982 A079 Or.
100 1 _aMiller, G. Tyler
245 1 0 _aLiving in the environment /
250 _a3rd ed.
260 _aBelmont, Calif. :
_bWadsworth Pub. Co.,
_cc1982.
300 _axv, 500, [162] p. :
_bill. ;
_c26 cm.
650 0 _aHuman ecology.
650 0 _aEnvironmental policy.
942 _cEK
999 _c15854
_d15854